Braid v Walsall MBC (Record no. 62207)

MARC details
000 -LEADER
fixed length control field 00720cam a2200169 4500
001 - CONTROL NUMBER
control field X103565
008 - FIXED-LENGTH DATA ELEMENTS--GENERAL INFORMATION
fixed length control field 000000n2000 000 0 eng u
035 ## - SYSTEM CONTROL NUMBER
System control number (Sirsi) u103565
245 ## - TITLE STATEMENT
Title Braid v Walsall MBC
260 ## - PUBLICATION, DISTRIBUTION, ETC.
Date of publication, distribution, etc. 2000
490 ## - SERIES STATEMENT
Series statement Property and Compensation Reports
Volume/sequential designation [1999] 78 P&CR 2, 94-107
520 ## - SUMMARY, ETC.
Summary, etc. CA 10 March 1998. Landlord and tenant. Rent review clause. Reference only to "the land". Buildings subsequently erected. Rent review. Whether reference to "the land" in rent review clause included buildings for rent assessment purposes. TAKEN FROM JOURNAL HEADNOTE.
650 ## - SUBJECT ADDED ENTRY--TOPICAL TERM
Topical term or geographic name entry element BRAID V WALSALL MBC
650 ## - SUBJECT ADDED ENTRY--TOPICAL TERM
Topical term or geographic name entry element RENT ASSESSMENTS
690 ## - LOCAL SUBJECT ADDED ENTRY--TOPICAL TERM (OCLC, RLIN)
Topical term or geographic name as entry element LANDLORD AND TENANT-CASE LAW-RENT REVIEWS
942 ## - ADDED ENTRY ELEMENTS (KOHA)
Suppress in OPAC 0
Holdings
Withdrawn status Lost status Source of classification or shelving scheme Damaged status Not for loan Home library Current library Shelving location Date acquired Total Checkouts Full call number Barcode Date last seen Copy number Price effective from Koha item type
    Dewey Decimal Classification     London London Journal article 13/01/2000   X103565 103565-1001 06/08/2019 1 06/08/2019 Law report